Kỹ thuật sửa chữa hệ thống điện trên xe ô tô

সংরক্ষণ করুন:
গ্রন্থ-পঞ্জীর বিবরন
প্রধান লেখক: Châu Ngọc Thạch
বিন্যাস: গ্রন্থ
ভাষা:Undetermined
প্রকাশিত: Tp. HCM Trẻ 2000
বিষয়গুলি:
ট্যাগগুলো: ট্যাগ যুক্ত করুন
কোনো ট্যাগ নেই, প্রথমজন হিসাবে ট্যাগ করুন!
Thư viện lưu trữ: Trung tâm Học liệu Trường Đại học Cần Thơ
LEADER 00639nam a2200205Ia 4500
001 CTU_39493
008 210402s9999 xx 000 0 und d
020 |b 65.000đ; 71.500đ ( lô 01.04 ) 
082 |a 629.287 
082 |b Th102 
100 |a Châu Ngọc Thạch 
245 0 |a Kỹ thuật sửa chữa hệ thống điện trên xe ô tô 
245 0 |c Châu Ngọc Thạch, Nguyễn Thành Trí 
260 |a Tp. HCM 
260 |b Trẻ 
260 |c 2000 
650 |a automobiles 
650 |x maintenance and repair 
904 |i Minh, 001122 
980 |a Trung tâm Học liệu Trường Đại học Cần Thơ